| 000 | 02413cam a2200661 4500 | ||
|---|---|---|---|
| 001 | 22360 | ||
| 003 | VRT | ||
| 005 | 20260326153346.0 | ||
| 008 | 220509s2019 xo o grf 001 0 slo | ||
| 015 | _aSNBA2021/04 | ||
| 020 |
_a9788080972653 _q(viazané) |
||
| 035 | _aurn:nbn:sk:snk-am00gkt8 | ||
| 035 | _aurn:nbn:sk:snk-am3j79s | ||
| 035 | _aFF9B42CD-D39C-4028-A0FB-7298BB431B0C | ||
| 039 | 9 |
_a202205091657 _bVLOAD _c202204221228 _dVLOAD _c202202271353 _dAUTHORITY _c202104261059 _dmsnk123 |
|
| 040 |
_aSVKBB _bslo _cSVKBB _erda |
||
| 041 | 1 |
_aslo _heng |
|
| 044 |
_axo _cSK |
||
| 072 | 7 |
_a613 _xHygiena. Ľudské zdravie _2konspekt |
|
| 080 |
_a612.67 _22011 |
||
| 080 |
_a613 _22011 |
||
| 080 |
_a613.2 _22011 |
||
| 080 |
_a(0.062) _22011 |
||
| 100 | 1 |
_aHarrar, Sarí _4aut |
|
| 240 | 1 | 0 |
_aLong life prescription _lSlovensky |
| 245 | 1 | 0 |
_aPlán na dlhý a zdravý život _bfit a plní energie v každom veku _cSarí Harrar a Debra Gordon ; z anglického originálu Long life prescription preložila Miriam Ghaniová ; fotografie Jill Wachter ; register Nataša Holinová |
| 250 | _aDruhé, upravené vydanie | ||
| 264 | 1 |
_aBratislava _bTarsago Slovensko _c2020 |
|
| 300 |
_a352 strán _bfarebné fotografie _c26 cm |
||
| 336 |
_atext _btxt _2rdacontent |
||
| 336 |
_astatický obraz _bsti _2rdacontent |
||
| 337 |
_abez média _bn _2rdamedia |
||
| 338 |
_azväzok _bnc _2rdacarrier |
||
| 490 | 1 | _aReader's Digest | |
| 504 | _aObsahuje register | ||
| 650 | 0 | 7 |
_astarnutie _2SNKPH |
| 650 | 0 | 7 |
_aHealth behavior _2SNKPHeng |
| 650 | 0 | 7 |
_aživotospráva _2SNKPH |
| 650 | 0 | 7 |
_aracionálna výživa _2SNKPH |
| 650 | 0 | 7 |
_aDietetic food _2SNKPHeng |
| 650 | 0 | 7 |
_aAging _2SNKPHeng |
| 650 | 0 | 7 |
_astarostlivosť o zdravie _2SNKPH |
| 650 | 0 | 7 |
_aHealth care _2SNKPHeng |
| 655 | 7 |
_apopulárno-náučné publikácie _2SNKPH |
|
| 655 | 7 |
_aPopular works _2SNKPHeng |
|
| 700 | 1 |
_aGordon, Debra _4aut |
|
| 700 | 1 |
_aGhaniová, Miriam _4trl |
|
| 700 | 1 |
_aHolinová, Nataša _4oth |
|
| 700 |
_aWachter, Jill _4pht |
||
| 830 | 0 | _aReader's Digest | |
| 910 | _asnk | ||
| 942 |
_2ddc _cKLDO _n0 |
||
| 949 |
_617A1447512 _asnkSB 96197 _bsnk2020/22293 _o1708/2020 _s6100:20210211 |
||
| 949 |
_617A1447513 _asnkSB 96197 D1 _bsnk2020/22294 _o1708/2020 |
||
| 949 |
_6273K0659859 _asvkpoC 61404 _bsvkpo650412 |
||
| 949 |
_6270001000619335 _asvkbbC 64935 _bsvkbbm 792482 |
||
| 949 |
_62889360230 _asavukPV 30689 _bsavuk2020/2980 |
||
| 999 |
_c22360 _d22360 |
||